| 000 | 00587nam a22002171 4500 | ||
|---|---|---|---|
| 001 | bimo0001516820 | ||
| 003 | OSt | ||
| 005 | 20130712110601.0 | ||
| 008 | 000401s1975 sp spa | ||
| 017 |
_aM 823-1975 _bOficina Depósito Legal Madrid |
||
| 020 | _a84-239-1575-1 | ||
| 035 | _a(OCoLC)433270554 | ||
| 040 |
_aSpMaBN _cBMC |
||
| 082 | _a864.56 | ||
| 100 |
_97 _aUnamuno, Miguel de _d1864-1936 |
||
| 245 | 1 | 0 |
_aInquietudes y meditaciones _cMiguel de Unamuno |
| 260 | 0 |
_aMadrid _bEspasa-Calpe _c1975 |
|
| 300 |
_a140 p. _c18 cm |
||
| 490 | 0 |
_aAustral _v1575 |
|
| 942 |
_2ddc _cBK |
||
| 999 |
_c606 _d606 |
||